00285nam a22001097a 4500082002100000100002300021245005800044260003900102300001900141563000700160650000800167 a345.5491072bAHM aAhmad, Syed Akhlaq aSupreme Court on the Law of Bail /cSyed Akhlaq Ahmad aLahore:bFederal Law House,c2023. axxxiv, 782p. ; aHB aLaw